Statistics for Title in the Lyrics -- Songs That Start With K

Click here to take the quiz!

General Stats

  • This quiz has been taken 340 times
  • The average score is 6 of 15

Answer Stats

Lyrics Title % Correct
Everybody was ____ __ ________ / Those kicks were fast as lightning / In fact, it was a little bit frighteningKung Fu Fighting
81%
Strumming my pain with his fingers / Singing my life with his words / _______ __ ______ with his songKilling Me Softly
71%
Oh, ____ __ beneath the milky twilight / Lead me out on the moonlit floor / Lift your open hand / Strike up the band and make the fireflies danceKiss Me
63%
It's gettin' dark, too dark to see / Feels like I'm ________ __ ________ ____ / Knock knock ________ __ ________ ____Knockin' on Heaven's Door
56%
She's a ______ _____ / Gunpowder, gelatine / Dynamite with a laser beam / Guaranteed to blow your mind / AnytimeKiller Queen
52%
If I go crazy then will you still / Call me Superman / If I’m alive and well, will you be / There a-holding my hand / I’ll keep you by my side / With my superhuman might / __________Kryptonite
51%
Ooh I wanna take you down to ______ / We'll get there fast / and then we'll take it slow / That's where we wanna go / Way down in ______Kokomo
37%
It's like thunder (Thunder) / And lightning (Lightning) / The way you love me is frightening / I better _____ __ ____ / Knock, knock, _____ __ ____Knock On Wood
32%
Downtown the young ones are going / Downtown the young ones are growing / We're the ____ __ _______ (whoa) / We're the ____ __ _______ (whoa) / Everybody live for the music-go-roundKids in America
25%
And that's the issue / Girl you know I miss you / I just wanna kiss you / But I can't right now so baby ____ __ ____ ___ _____Kiss Me Thru the Phone
24%
My honey, my baby, don't put my love upon no shelf / She said, "Don't hand me no lines and ____ ____ _____ __ ________"Keep Your Hands to Yourself
23%
And I'm gonna ____ __ ______ ___ / Cause it's the only thing I wanna do / I don't wanna sleep / I just wanna ____ __ ______ ___Keep on Loving You
21%
I know it's hard, know it's hard / To remember sometimes / But you gotta ____ ____ ____ __, oh / And you can let your hair down, ehKeep Your Head Up
17%
I wanna ____ ___ ___ ____ / And over again / I wanna ____ ___ ___ ____ / 'Til the night closes in / 'Til the night closes inKiss You All Over
16%
My Shangri-La beneath the summer moon, I will return again / Sure as the dust that floats high in June, when movin' through _______Kashmir
3%

Score Distribution

Percentile by Number Answered

Percent of People with Each Score

Your Score History

You have not taken this quiz